000 00425nam a2200169Ia 4500
001 13364
003 IN-NITTTR
005 20251114233125.0
008 251113s9999||||xx |||||||||||||| ||eng||
040 _beng
040 _cIN-NITTTR
041 _aeng
082 _a600.021 C648I
100 _aCodata,
245 0 _aInventory of data sources in science and technology :
_b a preliminary survey /
_cCodata
942 _2ddc
_cBK
999 _c16000
_d16000